00729 2200205 4500001002100000005001700021008004100038020002200079035002400101082001100125090002100136100001700157245012000174260004900294300005100343504002700394650003200421700004900453990002100502YOGYA-0213000000065920130218103127.0 ind  a978-602-96855-0-3 0010-021300000000659 a510.76 aDEP 510.76 Sus M aSUSILO, 1949 aMatematika SMA : Menyongsong Olimpiade Sains Nasional / Susilo dan Singgih Satrio Wibowo; Penyunting, Yana Karyana. aYogyakarta :bIntersolusi Pressindo,c[2010] aviii, 293 hlm.;bilus.;c25 cm.--(SSCI Series) aBibliografi : hlm. 293 aMatematika-Ujian, Soal, dsb aII. Singgih Satrio Wibowo. III. Yana Karyana aCB-D.112010-2323